| 000 | 00999nam1a22002651 4500 | ||
|---|---|---|---|
| 001 | rc\4730532 | ||
| 005 | 20130416213751.9 | ||
| 035 | _a(NLR Aleph) 008732667 | ||
| 090 |
_a9485685 _c9485685 |
||
| 100 | _a20130416d1966 |||y0rusy50 ca | ||
| 101 | 0 | _arus | |
| 102 | _aRU | ||
| 105 | _a z ||||| | ||
| 200 | 1 |
_aИзбранные произведения _eВ 4 кн. _eКн. 1- _fПод общ. ред. акад. М.Н. Тихомирова [и др. _gВступ. статья О.Д. Соколова, с. 5-71] _g[АН СССР. Ин-т истории] |
|
| 210 |
_aМосква _cМысль _d1966 |
||
| 215 | _d22 | ||
| 607 |
_aСССР _xИстория _2psbo |
||
| 700 | 1 |
_aПокровский _bМ. Н. _f1868-1932 _gМихаил Николаевич |
|
| 702 | 1 |
_aСоколов _bО. Д. _4080 |
|
| 702 | 1 |
_aТихомиров _bМ. Н. _gМихаил Николаевич _4340 |
|
| 801 | 0 |
_aRU _bNLR _gpsbo |
|
| 801 | 1 |
_aRU _bELAR _2rusmarc |
|
| 852 |
_aNLR _j65-5/2020 |
||
| 942 | _cBOOK | ||
| 980 | _aNB | ||